Central Library OPAC University of Rajshahi

Identity and anxiety; (Record no. 29723)

MARC details
000 -LEADER
fixed length control field 00982nam a22003131 4500
001 - CONTROL NUMBER
control field 29723
003 - CONTROL NUMBER IDENTIFIER
rucl marc code BD-RjUL
005 - DATE AND TIME OF LATEST TRANSACTION
control field 20211209051441.0
008 - FIXED-LENGTH DATA ELEMENTS--GENERAL INFORMATION
fixed length control field 140407s1960 ilu b 000 0 eng
035 ## - SYSTEM CONTROL NUMBER
System control number (BD-RjUL)
040 ## - CATALOGING SOURCE
Original cataloging agency DLC
Transcribing agency DLC
Modifying agency DLC
-- BD-RjUL
Language of cataloging eng
041 ## - LANGUAGE CODE
Language code of text/sound track or separate title eng
082 00 - DEWEY DECIMAL CLASSIFICATION NUMBER
Classification number 301.15
Author mark and year IDE 1960
245 10 - TITLE STATEMENT
Title Identity and anxiety;
Remainder of title survival of the person in mass society,
Statement of responsibility, etc. edited by Maurice R. Stein, Arthur J. Vidich, and David Manning White.
260 ## - PUBLICATION, DISTRIBUTION, ETC. (IMPRINT)
Place of publication, distribution, etc. Glencoe, Ill. :
Name of publisher, distributor, etc. Free Press,
Date of publication, distribution, etc. c1960.
300 ## - PHYSICAL DESCRIPTION
Pagination 658 p. ;
Size 25 cm.
504 ## - BIBLIOGRAPHY, ETC. NOTE
Bibliography, etc Includes bibliography.
650 #0 - SUBJECT ADDED ENTRY--TOPICAL TERM
Topical term or geographic name as entry element Anxiety.
9 (RLIN) 90501
Topical term or geographic name as entry element Mass society.
9 (RLIN) 90502
Topical term or geographic name as entry element Individuality.
9 (RLIN) 3826
Topical term or geographic name as entry element Identity (Psychology)
9 (RLIN) 90503
Topical term or geographic name as entry element Liberty.
9 (RLIN) 90504
Topical term or geographic name as entry element Anger.
9 (RLIN) 90505
700 1# - ADDED ENTRY--PERSONAL NAME
Personal name Stein, Maurice Robert,
Dates associated with a name 1926-
Personal name Vidich, Arthur J.
Personal name White, David Manning
942 ## - ADDED ENTRY ELEMENTS (KOHA)
Source of classification or shelving scheme Dewey Decimal Classification
Koha item type Books
Holdings
Lost status Source of classification or shelving scheme Damaged status Not for loan Collection code Permanent Location Current Location Shelving location Date acquired Source of acquisition Total Checkouts Full call number Date last seen Date checked out Copy number Koha item type Cost, normal purchase price
  Dewey Decimal Classification     Non-fiction Central Library, University of Rajshahi Central Library, University of Rajshahi   29/06/1967 Asia foundation 1 301.15 IDE 1960 24/08/2016 23/07/2016 C-2 Books  
  Dewey Decimal Classification     Non-fiction Central Library, University of Rajshahi Central Library, University of Rajshahi   29/06/1967 Asia foundation   301.15 IDE 1960 07/04/2014   C-3 Books  
  Dewey Decimal Classification     Non-fiction Central Library, University of Rajshahi Central Library, University of Rajshahi   29/06/1967 Asia Foundation, Gift.   301.15 IDE 1960 09/04/2014   C-4 Books 0.00
  Dewey Decimal Classification   Not For Loan Non-fiction Central Library, University of Rajshahi Central Library, University of Rajshahi Reading Room 22/03/2017     301.15 IDE 1960 22/03/2017   C-1 Books